The philosophy of history / (Record no. 23161)
[ view plain ]
| 000 -LEADER | |
|---|---|
| fixed length control field | 01271cam a22003011a 4500 |
| 001 - CONTROL NUMBER | |
| control field | 23161 |
| 003 - CONTROL NUMBER IDENTIFIER | |
| rucl marc code | BD-RjUL |
| 005 - DATE AND TIME OF LATEST TRANSACTION | |
| control field | 20211209000910.0 |
| 008 - FIXED-LENGTH DATA ELEMENTS--GENERAL INFORMATION | |
| fixed length control field | 140310s1956 nyu 000 0 eng d |
| 035 ## - SYSTEM CONTROL NUMBER | |
| System control number | (BD-RjUL)23226 |
| System control number | (OCoLC)307445 |
| 040 ## - CATALOGING SOURCE | |
| Original cataloging agency | DLC |
| Transcribing agency | GACCLC |
| Modifying agency | OCoLC |
| -- | OCoC-L |
| -- | DLC |
| -- | BD-RjUL |
| Language of cataloging | eng |
| 041 1# - LANGUAGE CODE | |
| Language code of text/sound track or separate title | engger |
| 082 00 - DEWEY DECIMAL CLASSIFICATION NUMBER | |
| Classification number | 901 |
| Author mark and year | HEP 1956 |
| 100 1# - MAIN ENTRY--PERSONAL NAME | |
| Personal name | Hegel, Georg Wilhelm Friedrich, |
| Dates associated with a name | 1770-1831. |
| 9 (RLIN) | 51347 |
| 245 14 - TITLE STATEMENT | |
| Title | The philosophy of history / |
| Statement of responsibility, etc. | Georg Wilhelm Friedrich Hegel ; prefaces by Charles Hegel and the translator, J. Sibree ; a new introduction by C.J. Friedrich. |
| 260 ## - PUBLICATION, DISTRIBUTION, ETC. (IMPRINT) | |
| Place of publication, distribution, etc. | New York : |
| Name of publisher, distributor, etc. | Dover Publications, |
| Date of publication, distribution, etc. | 1956. |
| 300 ## - PHYSICAL DESCRIPTION | |
| Pagination | xvi, 457 p. ; |
| Size | 21 cm. |
| 500 ## - GENERAL NOTE | |
| General note | "An unabridged and unaltered republication of the last revision of the translation by J. Sibree, published by the Colonial Press in 1899"--T.p. verso. |
| General note | Translation of: Vorlesungen รผber die Philosophie der Geschichte. |
| 650 #0 - SUBJECT ADDED ENTRY--TOPICAL TERM | |
| Topical term or geographic name as entry element | History |
| General subdivision | Philosophy. |
| 9 (RLIN) | 71399 |
| 700 1# - ADDED ENTRY--PERSONAL NAME | |
| Personal name | Sibree, J. |
| Fuller form of name | (John) |
| 856 42 - ELECTRONIC LOCATION AND ACCESS | |
| Materials specified | Publisher description |
| Uniform Resource Identifier | <a href="http://www.loc.gov/catdir/description/dover032/57000401.html">http://www.loc.gov/catdir/description/dover032/57000401.html</a> |
| 942 ## - ADDED ENTRY ELEMENTS (KOHA) | |
| Source of classification or shelving scheme | Dewey Decimal Classification |
| Koha item type | Books |
| Lost status | Source of classification or shelving scheme | Damaged status | Not for loan | Collection code | Permanent Location | Current Location | Shelving location | Date acquired | Source of acquisition | Cost, normal purchase price | Total Checkouts | Full call number | Date last seen | Date checked out | Copy number | Koha item type |
|---|---|---|---|---|---|---|---|---|---|---|---|---|---|---|---|---|
| Dewey Decimal Classification | Non-fiction | Central Library, University of Rajshahi | Central Library, University of Rajshahi | 04/05/1964 | Zeitlinger | 14.00 | 1 | 901 HEP 1956 | 07/03/2023 | 29/01/2023 | C-3 | Books | ||||
| Dewey Decimal Classification | Non-fiction | Central Library, University of Rajshahi | Central Library, University of Rajshahi | 23/01/1965 | Zeitlinger | 16.00 | 901 HEP 1956 | 23/03/2014 | C-3 | Books |